<?xml version="1.0" encoding="UTF-8"?>
<record
    xmlns:xsi="http://www.w3.org/2001/XMLSchema-instance"
    xsi:schemaLocation="http://www.loc.gov/MARC21/slim http://www.loc.gov/standards/marcxml/schema/MARC21slim.xsd"
    xmlns="http://www.loc.gov/MARC21/slim">

  <leader>02879cam a2200349 a 4500</leader>
  <controlfield tag="003">EG-GiCUC</controlfield>
  <controlfield tag="005">20250223032715.0</controlfield>
  <controlfield tag="008">210314s2021    ua dh  f m    000 0 eng d</controlfield>
  <datafield tag="040" ind1=" " ind2=" ">
    <subfield code="a">EG-GiCUC</subfield>
    <subfield code="b">eng</subfield>
    <subfield code="c">EG-GiCUC</subfield>
  </datafield>
  <datafield tag="041" ind1="0" ind2=" ">
    <subfield code="a">eng</subfield>
  </datafield>
  <datafield tag="049" ind1=" " ind2=" ">
    <subfield code="a">Deposite</subfield>
  </datafield>
  <datafield tag="097" ind1=" " ind2=" ">
    <subfield code="a">M.Sc</subfield>
  </datafield>
  <datafield tag="099" ind1=" " ind2=" ">
    <subfield code="a">Cai01.08.03.M.Sc.2021.Ol.A</subfield>
  </datafield>
  <datafield tag="100" ind1="0" ind2=" ">
    <subfield code="a">Ola Gamal Hussein </subfield>
  </datafield>
  <datafield tag="245" ind1="1" ind2="0">
    <subfield code="a">Analytical study of some pharmaceutical compounds containing heterocyclic rings / </subfield>
    <subfield code="c">Ola Gamal Hussein ; Supervised Mohamed Abdelkawy , Hala Elsayed Zaazaa , Eman Saad Elzanfaly   </subfield>
  </datafield>
  <datafield tag="246" ind1="1" ind2="5">
    <subfield code="a">&#x62F;&#x631;&#x627;&#x633;&#x629; &#x62A;&#x62D;&#x644;&#x64A;&#x644;&#x64A;&#x647; &#x644;&#x628;&#x639;&#x636; &#x627;&#x644;&#x645;&#x631;&#x643;&#x628;&#x627;&#x62A; &#x627;&#x644;&#x635;&#x64A;&#x62F;&#x644;&#x64A;&#x629; &#x627;&#x644;&#x645;&#x62D;&#x62A;&#x648;&#x64A;&#x629; &#x639;&#x644;&#x649; &#x627;&#x644;&#x62D;&#x644;&#x642;&#x627;&#x62A; &#x627;&#x644;&#x63A;&#x64A;&#x631; &#x627;&#x644;&#x645;&#x62A;&#x62C;&#x627;&#x646;&#x633;&#x629;</subfield>
  </datafield>
  <datafield tag="260" ind1=" " ind2=" ">
    <subfield code="a">Cairo : </subfield>
    <subfield code="b">Ola Gamal Hussein  , </subfield>
    <subfield code="c">2021</subfield>
  </datafield>
  <datafield tag="300" ind1=" " ind2=" ">
    <subfield code="a">224 P. : </subfield>
    <subfield code="b">charts , facsimiles ; </subfield>
    <subfield code="c">25cm </subfield>
  </datafield>
  <datafield tag="502" ind1=" " ind2=" ">
    <subfield code="a">Thesis (M.Sc.) - Cairo University - Faculty of Pharmacy - Department of Analytical Chemistry</subfield>
  </datafield>
  <datafield tag="520" ind1=" " ind2=" ">
    <subfield code="a">Multicomponent formulations have gained a lot of importance nowadays due to greater patient acceptability, increase potency, multiple action, and quick relief. Simultaneous determination of drugs in combination is an important part in the field of pharmacy as it avoids time of extraction, separation and gets accurate and precise results. Analysis of impurities is very important in the pharmaceutical industry.The possibility of side and toxic effects, and reduced activity of the active substances must be reduced to a minimum. For this reason, different analytical methods were developed to determine Phenazopyridine and Trimethoprim in the presence of Phenazopyridine impurity (2,6-DAP). Most pharmaceutical compounds are subjected to degradation with the subsequent partial or even complete loss of pharmacological activity or the conversion to harmful or toxic substances. A stability indicating procedure may be defined as a procedure that affords selective determination of drug in presence of its degradation products. Thus the development of stability indicating assay has increased enormously. In this thesis, different analytical techniques, namely, spectrophotometry, chemometry, chromatography and voltammetry were developed to determine binary mixture of Phenazopyridine and Trimethoprim in the presence of Phenazopyridine impurity (2,6-DAP).Stability indicating second derivative (2D) spectrophotometry, TLC- densitometry, and voltammetry, were developed to determine Alcaftadine</subfield>
  </datafield>
  <datafield tag="530" ind1=" " ind2=" ">
    <subfield code="a">Issued also as CD</subfield>
  </datafield>
  <datafield tag="653" ind1=" " ind2="4">
    <subfield code="a">Active Pharmaceutical Ingredients (APIs) </subfield>
  </datafield>
  <datafield tag="653" ind1=" " ind2="4">
    <subfield code="a">Heterocyclic rings </subfield>
  </datafield>
  <datafield tag="653" ind1=" " ind2="4">
    <subfield code="a">Pharmaceutical compounds</subfield>
  </datafield>
  <datafield tag="700" ind1="0" ind2=" ">
    <subfield code="a">Eman Saad Elzanfaly , </subfield>
    <subfield code="e">Supervisor</subfield>
  </datafield>
  <datafield tag="700" ind1="0" ind2=" ">
    <subfield code="a">Hala Elsayed Zaazaa , </subfield>
    <subfield code="e">Supervisor</subfield>
  </datafield>
  <datafield tag="700" ind1="0" ind2=" ">
    <subfield code="a">Mohamed Abdelkawy , </subfield>
    <subfield code="e">Supervisor</subfield>
  </datafield>
  <datafield tag="856" ind1=" " ind2=" ">
    <subfield code="u">http://172.23.153.220/th.pdf</subfield>
  </datafield>
  <datafield tag="905" ind1=" " ind2=" ">
    <subfield code="a">Nazla</subfield>
    <subfield code="e">Revisor</subfield>
  </datafield>
  <datafield tag="905" ind1=" " ind2=" ">
    <subfield code="a">Shimaa</subfield>
    <subfield code="e">Cataloger</subfield>
  </datafield>
  <datafield tag="942" ind1=" " ind2=" ">
    <subfield code="2">ddc</subfield>
    <subfield code="c">TH</subfield>
  </datafield>
  <datafield tag="999" ind1=" " ind2=" ">
    <subfield code="c">80224</subfield>
    <subfield code="d">80224</subfield>
  </datafield>
  <datafield tag="952" ind1=" " ind2=" ">
    <subfield code="2">ddc</subfield>
    <subfield code="7">0</subfield>
    <subfield code="a">CUCL</subfield>
    <subfield code="b">cl210</subfield>
    <subfield code="d">2024-02-11</subfield>
    <subfield code="o">Cai01.08.03.M.Sc.2021.Ol.A</subfield>
    <subfield code="p">01010110082951000</subfield>
    <subfield code="r">2023-09-22 00:00:00</subfield>
    <subfield code="y">TH</subfield>
  </datafield>
  <datafield tag="952" ind1=" " ind2=" ">
    <subfield code="2">ddc</subfield>
    <subfield code="7">0</subfield>
    <subfield code="a">CUCL</subfield>
    <subfield code="b">cl2u8</subfield>
    <subfield code="d">2024-02-11</subfield>
    <subfield code="o">Cai01.08.03.M.Sc.2021.Ol.A</subfield>
    <subfield code="p">01020110082951000</subfield>
    <subfield code="r">2023-09-22 00:00:00</subfield>
    <subfield code="t">82951.CD     </subfield>
    <subfield code="y">CD</subfield>
  </datafield>
</record>
